Bridgerton Quiz Part 2 - Statistics

General Stats
  • This quiz has been taken 467 times
  • The average score is 5 of 12
Answer Stats
Hint Answer % Correct
In what country does the majority of the books take place? England
82%
What is the name of Kate's dog? Newton
80%
Who makes the first move in the garden in book one? Daphne
71%
When He Was Wicked is the title of the book that focuses on which Bridgerton sibling? Francesca
70%
Which year is the first book set? 1813
57%
Kate's last name in the series is Sharma, what was it in the book? Sheffield
52%
What is the relationship between Mareena Thompson and the Bridgertons in the books? Cousins
32%
Who is Penelope's sister in the books? Felicity
28%
What pie is Simon fond of? Gooseberry
28%
Who was John Stirling to Francesca? First husband
18%
What is Hyacinth looking for in her book? Diamonds
11%
Nigel Berbrooke Marries who in the books? Philippa Featherington
11%
No matching quizzes found
Score Distribution
Percent of People with Each Score
Percentile by Number Answered
Your Score History
You have not taken this quiz